| 000 | 00875cam a22002414i 4500 | ||
|---|---|---|---|
| 001 | 18998717 | ||
| 005 | 20180103074311.0 | ||
| 008 | 160302s2015 njua b 001 0 eng | ||
| 010 | _a 2015494726 | ||
| 020 | _a9781118334263 | ||
| 040 |
_aDLC _beng _cDLC _erda _dDLC |
||
| 041 | _aeng | ||
| 042 | _apcc | ||
| 080 | _a657 | ||
| 082 | 0 | 0 |
_a657 WEY _223 |
| 100 | 1 | _a61 | |
| 101 | _aKON | ||
| 240 | 1 | 0 | _aFinancial and managerial accounting |
| 245 | 1 | 0 |
_aFinancial & managerial accounting / _cJerry J. Weygandt, PhD, CPA, University of Wisconsin--Madison, Madison, Wisconsin, Paul D. Kimmel, PhD, CPA, Univerisity of Wisconsin--Milwaukee, Milwaukee, Wisconsin, Donald E. Kieso, PhD, CPA, Northern Illinois University, DeKalb, Illinois. |
| 906 |
_a7 _bcbc _corigcop _d2 _encip _f20 _gy-gencatlg |
||
| 942 |
_2ddc _cBK |
||
| 999 |
_c39642 _d39642 |
||